000 00955nam a2200265 i 4500
001 187243
003 SpMaBN
005 20250628051548.0
008 170518s1986 ck a |||| | spa d
080 _a394.23(37)
080 _a791.83(37)
100 1 _aBriceño Jáuregui, Manuel.
_9162534
245 1 4 _aLos gladiadores de Roma
_b: estudio histórico, legal y social /
_cManuel Briceño Jáúregui.
260 _aBogotá :
_b[Instituto Caro y Cuervo],
_c1986.
300 _a187 p. :
_bil. ;
_c21 cm.
490 1 _aPublicaciones del Instituto Caro y Cuervo.
_aMinor ;
_v27
500 _aÍndices.
504 _aBibliografía: p. [167]-171.
650 7 _aEspectáculos-
_zRoma.
_9162735
710 2 _aInstituto Caro y Cuervo.
_94806
830 0 _aPublicaciones del Instituto Caro y Cuervo.
_aMinor ;
_v27
_9192752
852 _aES-MaACL
_cDEPO2
_hDonat. herederos José Prat
_jL-31598
942 _2udc
_cMONOGRAFIA
_n0
999 _c187243
_d187243